| 000 | 00496nam a2200193Ia 4500 | ||
|---|---|---|---|
| 008 | 170918s9999 xx 000 0 und d | ||
| 020 | _a9780590980784 | ||
| 050 | _bR994 1991 | ||
| 100 | _aRylant, Cynthia | ||
| 245 | _aHenry and Mudge take the big test / | ||
| 245 | _cCynthia Rylant ; pictures by Sucie Stevenson. | ||
| 260 | _aNew York : | ||
| 260 | _bScholastic, | ||
| 260 | _c1991 | ||
| 300 | _a40 pages : | ||
| 300 | _bcolored illustration ; | ||
| 300 | _c21cm. | ||
| 500 | _a400 | ||
| 999 |
_c341390 _d341390 |
||